Fundamentals of robotics analysis and control (Record no. 13735)

000 -LEADER
fixed length control field 00312nam a22001337a 4500
020 ## - INTERNATIONAL STANDARD BOOK NUMBER
International Standard Book Number 9789332555235
082 ## - DEWEY DECIMAL CLASSIFICATION NUMBER
Classification number 629.895 SCH
100 ## - MAIN ENTRY--PERSONAL NAME
Personal name Robert J. Schilling
245 ## - TITLE STATEMENT
Title Fundamentals of robotics analysis and control
260 ## - PUBLICATION, DISTRIBUTION, ETC.
Place of publication, distribution, etc. Delhi
Name of publisher, distributor, etc. Pearson
Date of publication, distribution, etc. 2015
300 ## - PHYSICAL DESCRIPTION
Extent 425p.
650 ## - SUBJECT ADDED ENTRY--TOPICAL TERM
Topical term or geographic name entry element Robotics
942 ## - ADDED ENTRY ELEMENTS (KOHA)
Koha item type Book
Holdings
Withdrawn status Lost status Damaged status Not for loan Collection code Permanent Location Current Location Shelving location Date acquired Source of acquisition Cost, normal purchase price Total Checkouts Full call number Barcode Date last seen Date last checked out Price effective from Koha item type
          Central Library (CL) Central Library (CL) General Stacks 09/28/2016 Allied Book Company 460.00 2 629.895 SCH SEECS013519 12/16/2018 12/16/2018 09/28/2016 Book
© 2023 Central Library, National University of Sciences and Technology. All Rights Reserved.